[Event "SVK-chT4 A22 1617"]
[Site "Slovakia"]
[Date "2016.11.06"]
[Round "3.5"]
[White "Csefalvay, Stefan"]
[Black "Szekely, Stefan"]
[Result "1/2-1/2"]
[WhiteElo "1811"]
[BlackElo "1824"]
[PlyCount "70"]
[EventDate "2016.10.09"]
[EventType "team-tourn"]
[EventRounds "11"]
[EventCountry "SVK"]
[SourceTitle "EXT 2020"]
[Source "ChessBase"]
[SourceDate "2019.10.17"]
[SourceVersion "1"]
[SourceVersionDate "2019.10.17"]
[SourceQuality "1"]

1. c4 Nf6 2. Nc3 g6 3. g3 Bg7 4. Bg2 c6 5. e4 d6 6. Nge2 Na6 7. 0-0 Nc7 8. h3 e6 9. d4 h6 10. Qc2 Nh7 11. Rd1 0-0 12. b3 Ng5 13. Kh2 Qe7 14. Bb2 e5 15. dxe5 dxe5 16. Rd2 Be6 17. h4 Nh7 18. Rad1 Rad8 19. Rxd8 Rxd8 20. Bc1 Bc8 21. Be3 Bg4 22. f3 Bc8 23. Bxa7 Rxd1 24. Qxd1 Ne6 25. Bh3 Nhf8 26. Bxe6 Qxe6 27. g4 Qf6 28. Kg3 h5 29. g5 Qe6 30. Ng1 f6 31. Be3 fxg5 32. Bxg5 Bf6 33. Bxf6 Qxf6 34. Nce2 Ne6 35. Qd6 Kf7 1/2-1/2

[Event "SVK-chT4 A22 1415"]
[Site "Slovakia"]
[Date "2015.02.15"]
[Round "9.2"]
[White "Szekely, Stefan"]
[Black "Horecky, Peter"]
[Result "0-1"]
[WhiteElo "1893"]
[BlackElo "1985"]
[PlyCount "52"]
[EventDate "2014.10.12"]
[EventType "team-tourn"]
[EventRounds "11"]
[EventCountry "SVK"]
[SourceTitle "EXT 2019"]
[Source "ChessBase"]
[SourceDate "2018.10.10"]
[SourceVersion "1"]
[SourceVersionDate "2018.10.10"]
[SourceQuality "1"]

1. c4 Nf6 2. Nc3 g6 3. Nf3 Bg7 4. g3 0-0 5. Bg2 d6 6. 0-0 e5 7. c5 e4 8. Ne1 d5 9. d4 exd3 10. Nxd3 Re8 11. Bg5 c6 12. e4 dxe4 13. Nxe4 h6 14. Bxf6 Bxf6 15. Nd6 Re7 16. Qf3 Bg7 17. Rae1 Be6 18. Nf4 Na6 19. Nxe6 fxe6 20. Rxe6 Rxe6 21. Qf7+ Kh7 22. Qxe6 Nxc5 23. Qg4 Qxd6 24. b4 Qe6 25. Qd1 Na6 26. Re1 Qf6 0-1

[Event "SVK-chT4 A22 1213"]
[Site "Slovakia"]
[Date "2013.01.20"]
[Round "7.1"]
[White "Szekely, Stefan"]
[Black "Lukacovic, Miroslav"]
[Result "1/2-1/2"]
[WhiteElo "1897"]
[BlackElo "1997"]
[PlyCount "29"]
[EventDate "2012.10.14"]
[EventType "team-tourn"]
[EventRounds "11"]
[EventCountry "SVK"]
[SourceTitle "EXT 2015"]
[Source "ChessBase"]
[SourceDate "2014.11.20"]
[SourceVersion "1"]
[SourceVersionDate "2014.11.20"]
[SourceQuality "1"]
[WhiteTeam "Potonska Veza III"]
[BlackTeam "Sered MSK"]
[WhiteTeamCountry "SVK"]
[BlackTeamCountry "SVK"]

1. c4 c6 2. Nc3 d5 3. cxd5 cxd5 4. d4 Nf6 5. Nf3 Nc6 6. g3 e6 7. Bg2 Be7 8. 0-0 0-0 9. Re1 Bd7 10. Bg5 Rc8 11. Rc1 Ne4 12. Bxe7 Nxc3 13. Bxd8 Nxd1 14. Rexd1 Rfxd8 15. e3 1/2-1/2

[Event "SVK-chT3A2 1011"]
[Site "Slovakia"]
[Date "2011.03.13"]
[Round "10.4"]
[White "Szekely, Stefan"]
[Black "Krist, Milan"]
[Result "1/2-1/2"]
[WhiteElo "1966"]
[BlackElo "2004"]
[PlyCount "31"]
[EventDate "2010.10.17"]
[EventType "team-tourn"]
[EventRounds "11"]
[EventCountry "SVK"]
[SourceTitle "EXT 2019"]
[Source "ChessBase"]
[SourceDate "2018.10.10"]
[SourceVersion "1"]
[SourceVersionDate "2018.10.10"]
[SourceQuality "1"]
[WhiteTeam "Potonska Veza"]
[BlackTeam "Trnava Lokomotiva III"]
[WhiteTeamCountry "SVK"]
[BlackTeamCountry "SVK"]

1. c4 c5 2. Nc3 Nc6 3. Nf3 Nf6 4. d3 d6 5. g3 e6 6. Bg2 Be7 7. 0-0 0-0 8. d4 cxd4 9. Nxd4 Nxd4 10. Qxd4 e5 11. Qd3 a6 12. Nd5 Nxd5 13. Bxd5 Qc7 14. Be3 g6 15. Bd2 Bf5 16. e4 1/2-1/2

[Event "SVK-chT3A2 0910"]
[Site "Slovakia"]
[Date "2010.03.14"]
[Round "10.3"]
[White "Szekely, Stefan"]
[Black "Palka, Miroslav"]
[Result "1/2-1/2"]
[WhiteElo "1984"]
[BlackElo "1976"]
[PlyCount "85"]
[EventDate "2009.10.18"]
[EventType "team-tourn"]
[EventRounds "11"]
[EventCountry "SVK"]
[SourceTitle "EXT 2011"]
[Source "ChessBase"]
[SourceDate "2010.11.26"]
[SourceVersion "1"]
[SourceVersionDate "2010.11.26"]
[SourceQuality "1"]
[WhiteTeam "Potonska Veza"]
[BlackTeam "Senica"]
[WhiteTeamCountry "SVK"]
[BlackTeamCountry "SVK"]

1. c4 c5 2. Nc3 Nc6 3. Nf3 Nf6 4. g3 g6 5. Bg2 Bg7 6. 0-0 0-0 7. d4 cxd4 8. Nxd4 Nxd4 9. Qxd4 d6 10. Qh4 Qb6 11. h3 Bd7 12. Nd5 Nxd5 13. cxd5 Bb5 14. Bf3 Qa6 15. Re1 Rac8 16. a4 Rfe8 17. Qb4 Bd7 18. Kg2 Rc4 19. Qd2 Rxa4 20. Ra3 Rxa3 21. bxa3 Rc8 22. Bb2 Bxb2 23. Qxb2 b6 24. Rc1 Rxc1 25. Qxc1 Qc8 26. Qe3 Bxh3+ 27. Kh2 e5 28. Qg5 Bd7 29. Qf6 Qf8 30. g4 Bb5 31. g5 Qb8 32. Bg4 Qc7 33. e3 Bc4 34. e4 b5 35. f4 exf4 36. Bf3 Bd3 37. e5 dxe5 38. d6 Qc2+ 39. Bg2 Qc8 40. Bb7 Qd7 41. Bc6 Qxc6 42. Qd8+ Kg7 43. Qf6+ 1/2-1/2

[Event "SVK-chT3A2 0910"]
[Site "Slovakia"]
[Date "2009.11.15"]
[Round "3.4"]
[White "Szekely, Stefan"]
[Black "Sefcik, Marek"]
[Result "0-1"]
[WhiteElo "1984"]
[BlackElo "2022"]
[PlyCount "66"]
[EventDate "2009.10.18"]
[EventType "team-tourn"]
[EventRounds "11"]
[EventCountry "SVK"]
[SourceTitle "EXT 2011"]
[Source "ChessBase"]
[SourceDate "2010.11.26"]
[SourceVersion "1"]
[SourceVersionDate "2010.11.26"]
[SourceQuality "1"]
[WhiteTeam "Potonska Veza"]
[BlackTeam "Holic"]
[WhiteTeamCountry "SVK"]
[BlackTeamCountry "SVK"]

1. c4 f5 2. Nf3 Nf6 3. g3 e6 4. Bg2 d5 5. cxd5 exd5 6. 0-0 Bd6 7. Nc3 c6 8. d4 0-0 9. e3 Nbd7 10. b3 Qe8 11. Bb2 Ng4 12. Ne2 Ndf6 13. h3 Nh6 14. Ne5 Nf7 15. f4 Ne4 16. a4 Qe7 17. Rc1 Be6 18. Qe1 Rae8 19. Rc2 Kh8 20. Nc1 Bb4 21. Qd1 Nxg3 22. Rf3 Ne4 23. Ncd3 Rg8 24. Rf1 Bd6 25. Qh5 g6 26. Qd1 Qh4 27. Bxe4 fxe4 28. Nxf7+ Bxf7 29. Nf2 g5 30. Ng4 gxf4 31. Rg2 f3 32. Rh2 Rxg4+ 33. hxg4 Qxh2# 0-1

[Event "SVK-chT3A2 0910"]
[Site "Slovakia"]
[Date "2009.10.18"]
[Round "1.4"]
[White "Szekely, Stefan"]
[Black "Harasta, Juraj"]
[Result "1-0"]
[WhiteElo "1984"]
[BlackElo "1688"]
[PlyCount "45"]
[EventDate "2009.10.18"]
[EventType "team-tourn"]
[EventRounds "11"]
[EventCountry "SVK"]
[SourceTitle "EXT 2011"]
[Source "ChessBase"]
[SourceDate "2010.11.26"]
[SourceVersion "1"]
[SourceVersionDate "2010.11.26"]
[SourceQuality "1"]
[WhiteTeam "Potonska Veza"]
[BlackTeam "Skalica II"]
[WhiteTeamCountry "SVK"]
[BlackTeamCountry "SVK"]

1. c4 c5 2. Nc3 g6 3. Nf3 Bg7 4. g3 d6 5. Bg2 Nc6 6. 0-0 Nf6 7. d4 cxd4 8. Nxd4 Bd7 9. Nxc6 Bxc6 10. Nd5 Bxd5 11. cxd5 0-0 12. Qb3 Qd7 13. Bd2 Rfc8 14. Rac1 b6 15. Bf3 Qf5 16. Be3 Nd7 17. Rxc8+ Rxc8 18. Qa4 Rc7 19. Bg4 b5 20. Qa5 Qxg4 21. Qxc7 Bxb2 22. Qc2 Bd4 23. h3 1-0

[Event "SVK-chT3A2 0607"]
[Site "Slovakia"]
[Date "2006.11.19"]
[Round "4"]
[White "Sarmir, Milos"]
[Black "Szekely, Stefan"]
[Result "1-0"]
[WhiteElo "2159"]
[BlackElo "2054"]
[PlyCount "83"]
[EventDate "2006.10.08"]
[EventType "team-tourn"]
[EventRounds "11"]
[EventCountry "SVK"]
[SourceTitle "EXT 2008"]
[Source "ChessBase"]
[SourceDate "2007.11.25"]
[SourceVersion "1"]
[SourceVersionDate "2007.11.25"]
[SourceQuality "1"]
[WhiteTeam "Cifer"]
[BlackTeam "Gabcikovo"]
[WhiteTeamCountry "SVK"]
[BlackTeamCountry "SVK"]

1. e4 d6 2. d4 Nf6 3. Nc3 c6 4. f4 g6 5. Nf3 Bg4 6. Be2 Bg7 7. 0-0 Na6 8. Bxa6 bxa6 9. h3 Bxf3 10. Qxf3 0-0 11. e5 dxe5 12. dxe5 Nd5 13. Nxd5 cxd5 14. Be3 Qa5 15. c3 e6 16. Qf2 Rfc8 17. Bxa7 Bf8 18. Bd4 Rc4 19. Kh1 Rb8 20. g4 Bc5 21. f5 Bxd4 22. cxd4 Qb6 23. fxg6 fxg6 24. Qf7+ Kh8 25. Qe7 Qd8 26. Qxe6 Rb6 27. Qf7 Rc7 28. Qf2 Rbb7 29. b3 Kg7 30. e6 Qe7 31. g5 h6 32. gxh6+ Kxh6 33. Qf4+ Kg7 34. Qe5+ Kh6 35. Rf6 Qg7 36. Raf1 Kh7 37. Qxd5 Rb5 38. Qd6 Rc1 39. e7 Rxf1+ 40. Rxf1 Qg8 41. Rf8 Qg7 42. e8Q 1-0

[Event "SVK-chT2W 9900"]
[Site "Slovakia"]
[Date "1999.??.??"]
[Round "1.5"]
[White "Cseto, Jan"]
[Black "Szekely, Stefan"]
[Result "0-1"]
[WhiteElo "1943"]
[BlackElo "1959"]
[PlyCount "68"]
[EventDate "1999.11.06"]
[EventType "team-tourn"]
[EventRounds "9"]
[EventCountry "SVK"]
[SourceTitle "EXT 2005"]
[Source "ChessBase"]
[SourceDate "2004.11.15"]
[SourceVersion "1"]
[SourceVersionDate "2004.11.15"]
[SourceQuality "1"]

1. e4 d6 2. d4 Nf6 3. Nc3 g6 4. f4 Bg7 5. Nf3 0-0 6. Bd3 c5 7. dxc5 dxc5 8. 0-0 Nc6 9. e5 Nd5 10. Ne4 b6 11. Bc4 Nc7 12. Be3 Na5 13. Bd3 Nd5 14. Bd2 Nc6 15. Qe1 Bf5 16. Rd1 Qc8 17. Bc4 Nc7 18. a4 Qb7 19. Bd3 Rad8 20. h3 Nd4 21. g4 Nxf3+ 22. Rxf3 Be6 23. Qh4 c4 24. Ng5 h6 25. Nxe6 Nxe6 26. Be2 Qe4 27. Qf2 Qxc2 28. Qe1 Nd4 29. Rc3 Nxe2+ 30. Qxe2 Qxb2 31. Qe1 Rd4 32. Rcc1 Rfd8 33. Be3 Rd3 34. Rxd3 cxd3 0-1

[Event "SVK-chT2A 9899"]
[Site "Slovakia"]
[Date "1998.11.15"]
[Round "4"]
[White "Hudec, Jan"]
[Black "Szekely, Stefan"]
[Result "1/2-1/2"]
[WhiteElo "2123"]
[BlackElo "1900"]
[PlyCount "39"]
[EventDate "1998.??.??"]
[EventType "team-tourn"]
[EventRounds "9"]
[EventCountry "SVK"]
[SourceTitle "EXT 2000"]
[Source "ChessBase"]
[SourceDate "1999.11.16"]
[SourceVersion "1"]
[SourceVersionDate "1999.11.16"]
[SourceQuality "1"]

1. d4 d6 2. c4 Nf6 3. Nc3 g6 4. e4 Nbd7 5. Bg5 Bg7 6. f3 c6 7. Qd2 h6 8. Be3 Rb8 9. 0-0-0 Qa5 10. Kb1 a6 11. Rc1 b5 12. cxb5 axb5 13. Nd1 Qxd2 14. Bxd2 Bb7 15. Bb4 0-0 16. Bd3 Rfc8 17. Ne2 c5 18. dxc5 dxc5 19. Bd2 Ne5 20. Bc2 1/2-1/2

[Event "SVK-chT2A 9899"]
[Site "Slovakia"]
[Date "1998.11.14"]
[Round "3"]
[White "Szekely, Stefan"]
[Black "Marko, Vladimir"]
[Result "1/2-1/2"]
[WhiteElo "1900"]
[BlackElo "1930"]
[PlyCount "77"]
[EventDate "1998.??.??"]
[EventType "team-tourn"]
[EventRounds "9"]
[EventCountry "SVK"]
[SourceTitle "EXT 2000"]
[Source "ChessBase"]
[SourceDate "1999.11.16"]
[SourceVersion "1"]
[SourceVersionDate "1999.11.16"]
[SourceQuality "1"]

1. e4 c5 2. Nf3 Nc6 3. d4 cxd4 4. Nxd4 Nf6 5. Nc3 e6 6. Be2 Bb4 7. Bf3 d5 8. Nxc6 bxc6 9. exd5 cxd5 10. 0-0 0-0 11. Bg5 Ba6 12. Ne2 Be7 13. c3 Nd7 14. Bxe7 Qxe7 15. Re1 Ne5 16. Nc1 Qf6 17. Be2 Bxe2 18. Nxe2 Rfc8 19. Nd4 Rab8 20. Re2 Nc4 21. b3 Nd6 22. Re3 Ne4 23. Rf3 Nxc3 24. Qd3 Ne2+ 25. Qxe2 Qxd4 26. Rd1 Qc5 27. h3 Rb4 28. Re3 a5 29. Rd2 Rd4 30. Rxd4 Qxd4 31. Kh2 g6 32. Rxe6 Qf4+ 33. g3 Qf5 34. Re8+ Rxe8 35. Qxe8+ Kg7 36. Qe3 Qf6 37. Kg2 d4 38. Qd3 Qe5 39. f4 1/2-1/2

[Event "SVK-chT2A 9899"]
[Site "Slovakia"]
[Date "1998.??.??"]
[Round "7"]
[White "Szekely, Stefan"]
[Black "Hazir, Svetozar"]
[Result "0-1"]
[WhiteElo "1900"]
[BlackElo "2150"]
[PlyCount "82"]
[EventDate "1998.??.??"]
[EventType "team-tourn"]
[EventRounds "9"]
[EventCountry "SVK"]
[SourceTitle "EXT 2001"]
[Source "ChessBase"]
[SourceDate "2000.11.22"]
[SourceVersion "1"]
[SourceVersionDate "2000.11.22"]
[SourceQuality "1"]

1. c4 Nf6 2. Nc3 g6 3. Nf3 Bg7 4. g3 d6 5. Bg2 e5 6. d3 0-0 7. Bg5 h6 8. Bd2 Nc6 9. Rb1 a5 10. Nb5 Be6 11. Qc2 Nd7 12. Nh4 g5 13. Nf3 f5 14. h4 g4 15. Nh2 Nf6 16. Qc1 Kh7 17. a3 Qd7 18. e3 Nh5 19. Nc3 Ne7 20. Ne2 Ng6 21. Bxb7 Rae8 22. Bg2 f4 23. Be4 Bf5 24. Bxf5 Qxf5 25. e4 Qf7 26. 0-0 f3 27. Nc3 c6 28. Nd1 Rg8 29. Ne3 Nxh4 30. Nexg4 Nf6 31. Nxh6 Bxh6 32. Bxh6 Qh5 33. Kh1 Nf5 34. Kg1 Nxg3 35. fxg3 Rxg3+ 36. Kh1 Rg2 37. Bf4 exf4 38. Qxf4 Ng4 39. Qf5+ Qxf5 40. exf5 Rxh2+ 41. Kg1 f2+ 0-1

[Event "SVK-chT2A 9798"]
[Site "Slovakia"]
[Date "1997.??.??"]
[Round "?"]
[White "Vogl, Zdenek"]
[Black "Szekely, Stefan"]
[Result "1/2-1/2"]
[WhiteElo "1920"]
[BlackElo "1935"]
[PlyCount "126"]
[EventDate "1997.??.??"]
[EventType "team-tourn"]
[EventRounds "11"]
[EventCountry "SVK"]
[SourceTitle "EXT 2001"]
[Source "ChessBase"]
[SourceDate "2000.11.22"]
[SourceVersion "1"]
[SourceVersionDate "2000.11.22"]
[SourceQuality "1"]

1. e4 d6 2. d4 Nf6 3. Nc3 g6 4. f4 Bg7 5. Nf3 c6 6. Be3 Qa5 7. Qd2 Nbd7 8. Bd3 a6 9. a3 b5 10. b4 Qc7 11. h3 Bb7 12. 0-0 c5 13. e5 Nd5 14. exd6 exd6 15. Nxd5 Bxd5 16. c3 c4 17. Bc2 f5 18. a4 0-0 19. a5 Nf6 20. Qf2 Rfe8 21. Nd2 Re7 22. Rae1 Rae8 23. Re2 Qc6 24. Rfe1 Kf7 25. Kf1 Bh6 26. Bb1 Kg8 27. Bc2 Bf7 28. Qf3 Qxf3+ 29. Nxf3 Nd5 30. Bd2 Rxe2 31. Rxe2 Rxe2 32. Kxe2 Bxf4 33. g4 fxg4 34. hxg4 Bxd2 35. Kxd2 Kg7 36. Be4 Nf6 37. Bb7 Bd5 38. Bxa6 Bxf3 39. Bxb5 Ba8 40. Bxc4 d5 41. Be2 Ne4+ 42. Kc2 Kf6 43. b5 Nd6 44. b6 Ke7 45. a6 Kd7 46. Bf3 Nc4 47. b7 Bxb7 48. axb7 Kc7 49. Kd3 Nb6 50. g5 Kxb7 51. c4 Kc7 52. c5 Nc8 53. Bxd5 Ne7 54. Ke4 Nf5 55. Bg8 h6 56. gxh6 Nxh6 57. Bh7 g5 58. Bg6 g4 59. d5 Ng8 60. d6+ Kc6 61. Be8+ Kxc5 62. Ke5 Nf6 63. Kxf6 Kxd6 1/2-1/2